000 00609nam a2200229Ia 4500
003 OSt
005 20221006164353.0
006 a|||||r|||| 00| 0
007 ta
008 221006b |||||||| |||| 00| 0 eng d
024 _a1,875
037 _cTextual
040 _aFML
_cFML
_beng
041 _2eng
_aeng
082 _aO158v, K2
100 _aNeog Dinbeswar Au.
_9677283
245 0 _aNew Light on History of Asamiya Litrature
260 _aAssam
_bXuwani Prakashan
_c1962
300 _a464
_ccm.
942 _hO158v, K2
_cTEXL
_2CC
999 _c1117024
_d1117024